[Event "Wch FIDE Online U16 Girls Asia qual"]
[Site "Tornelo INT"]
[Date "2020.12.12"]
[Round "5"]
[White "Nuha, Rilwan"]
[Black "Samar, Natsheh"]
[Result "0-1"]
[WhiteElo "1102"]
[BlackElo "1124"]
[PlyCount "108"]
[EventDate "2020.12.11"]
[EventType "swiss (rapid)"]
[EventRounds "7"]
[EventCountry "ISS"]
[SourceTitle "EXT 2022"]
[Source "ChessBase"]
[SourceDate "2021.10.06"]
[SourceVersion "1"]
[SourceVersionDate "2021.10.06"]
[SourceQuality "1"]

1. e4 d5 2. exd5 Nf6 3. Nf3 Nxd5 4. d4 Bg4 5. Be2 Nc6 6. c4 Nf6 7. d5 Bxf3 8. Bxf3 Ne5 9. b3 g6 10. Bf4 Nxf3+ 11. Qxf3 Bg7 12. Nc3 Nh5 13. Bg3 f5 14. Rc1 Qd7 15. 0-0 0-0 16. Rfe1 Rae8 17. Nb5 f4 18. Bh4 a6 19. Nc3 e6 20. dxe6 Rxe6 21. Nd5 c6 22. Nb4 Qf7 23. Qh3 Rfe8 24. f3 h6 25. Bf2 g5 26. Rxe6 Rxe6 27. Rd1 Nf6 28. Bd4 Rd6 29. Nc2 c5 30. Qc8+ Qf8 31. Qxc5 Nd7 32. Qb4 Bxd4+ 33. Nxd4 Qf6 34. Qc3 Nf8 35. Rc1 Rxd4 36. Re1 Rd6 37. Qe5 Qxe5 38. Rxe5 Rd1+ 39. Kf2 Ra1 40. a4 Ra2+ 41. Kg1 Rb2 42. h3 Rxb3 43. Kh2 Rb4 44. a5 Rxc4 45. Re6 Kg7 46. Re7+ Kg6 47. Rxb7 Kh5 48. Ra7 Ne6 49. Re7 Nc5 50. Rc7 Rc2 51. Kg1 Kg6 52. Rc6+ Kf5 53. Kf1 h5 54. g4+ fxg3 0-1

[Event "Wch FIDE Online U16 Girls Asia qual"]
[Site "Tornelo INT"]
[Date "2020.12.12"]
[Round "3"]
[White "Samar, Natsheh"]
[Black "Sovetbekova, Nurai"]
[Result "0-1"]
[WhiteElo "1124"]
[BlackElo "1608"]
[PlyCount "64"]
[EventDate "2020.12.11"]
[EventType "swiss (rapid)"]
[EventRounds "7"]
[EventCountry "ISS"]
[SourceTitle "EXT 2022"]
[Source "ChessBase"]
[SourceDate "2021.10.06"]
[SourceVersion "1"]
[SourceVersionDate "2021.10.06"]
[SourceQuality "1"]

1. d4 Nf6 2. e3 g6 3. Bd3 d5 4. Nd2 Bg7 5. f4 c5 6. c3 Nc6 7. Ngf3 Bg4 8. 0-0 0-0 9. h3 Bxf3 10. Rxf3 cxd4 11. exd4 Qb6 12. Kh1 a5 13. g4 e6 14. Rg3 h5 15. gxh5 Nxh5 16. Rf3 Qd8 17. Qe1 Qf6 18. Nf1 Ne7 19. Ng3 Qh4 20. Nxh5 Qxe1+ 21. Rf1 Qh4 22. Be2 Qxh3+ 23. Kg1 gxh5 24. Rf2 Kh7 25. Bd2 Rg8 26. Rh2 Qg3+ 27. Kh1 Bh6 28. Rf1 Nf5 29. Be1 Qe3 30. Bxh5 Ng3+ 31. Bxg3 Rxg3 32. Bxf7 Qe4+ 0-1

[Event "Wch FIDE Online U16 Girls Asia qual"]
[Site "Tornelo INT"]
[Date "2020.12.11"]
[Round "1"]
[White "Bristy, Mukherjee"]
[Black "Samar, Natsheh"]
[Result "1-0"]
[WhiteElo "1924"]
[BlackElo "1124"]
[PlyCount "51"]
[EventDate "2020.12.11"]
[EventType "swiss (rapid)"]
[EventRounds "7"]
[EventCountry "ISS"]
[SourceTitle "EXT 2022"]
[Source "ChessBase"]
[SourceDate "2021.10.06"]
[SourceVersion "1"]
[SourceVersionDate "2021.10.06"]
[SourceQuality "1"]

1. d4 d5 2. Bg5 h6 3. Bh4 Nc6 4. e3 Bf5 5. c4 Nf6 6. Nc3 e6 7. Nf3 Be7 8. Be2 0-0 9. 0-0 Ne4 10. Bxe7 Qxe7 11. cxd5 Nxc3 12. bxc3 exd5 13. Qb3 b6 14. Qxd5 Be4 15. Qb3 Rad8 16. Qa4 Rfe8 17. Nd2 Bd5 18. c4 Be4 19. Nxe4 Qxe4 20. Bf3 Qg6 21. Qxc6 Re7 22. Qxg6 fxg6 23. a4 a6 24. a5 b5 25. cxb5 axb5 26. a6 1-0